[Event "45th Olympiad 2024"]
[Site "Budapest HUN"]
[Date "2024.09.22"]
[Round "11.40"]
[Board "1"]
[White "Manon, Reja Neer"]
[Black "Lee, Junhyeok"]
[Result "1/2-1/2"]
[WhiteElo "2417"]
[BlackElo "2364"]
[PlyCount "97"]
[EventDate "2024.09.11"]
[WhiteTeam "Bangladesh"]
[BlackTeam "South Korea"]
[WhiteTeamCountry "BAN"]

1. e4 c5 2. Nf3 d6 3. d4 cxd4 4. Nxd4 Nf6 5. f3 e5 6. Nb3 Be6 7. c4 Nbd7 8. Be3 Rc8 9. Nc3 Bxc4 10. Bxc4 Rxc4 11. Qd3 Rc8 12. Bxa7 b6 13. O-O d5 14. exd5 Bb4 15. Nb5 O-O 16. d6 ({RR} 16. Rad1 Re8 17. d6 Re6 18. a3 Nc5 19. Qc4 Nxb3 20. Qxb4 Nc5 21. Rc1 Nfd7 22. Qd2 e4 23. fxe4 Nxe4 24. Qf4 Nef6 25. Rc7 Qe8 26. Qc1 Rd8 27. h3 Re2 28. Nd4 Qe3+ 29. Qxe3 Rxe3 30. Nc6 Rde8 {1-0 Bellia,F (2384)-Shvedova,A (2203) Sardinia World Open A 2024 (6.34)}) 16... Nh5 17. Qe4 $146 ({RR} 17. Rac1 Qg5 18. Rxc8 Rxc8 19. Qe4 Bd2 20. Rd1 Be3+ 21. Kf1 Nf4 22. g3 Qh6 23. gxf4 exf4 24. Rd3 Qxh2 25. Rxe3 fxe3 26. Qxe3 Rc2 27. Bxb6 Qh1+ 28. Qg1 Qxf3+ 29. Bf2 Rxb2 {0-1 Ragger,M (2632)-Brkic,A (2610) TCh-AUT 2022-23 (10.6)}) 17... Bc5+ 18. Nxc5 Rxc5 19. a4 Nf4 20. g3 Nh3+ 21. Kh1 Ng5 22. Qe3 e4 23. b4 Rc4 24. Rfc1 Rxb4 25. Qc3 Rxb5 26. axb5 Nxf3 27. Qc7 Qe8 28. Bxb6 Qe6 29. Be3 h5 30. Rc2 h4 31. gxh4 Qb3 32. Rg2 Nxh4 33. Re2 Qxb5 34. Rf2 Nf3 35. Qc3 Nde5 36. Rg2 g6 37. Ra5 Qf1+ 38. Bg1 Nd3 39. Ra1 Nfe1 40. Rxe1 Qxe1 41. Qf6 e3 42. h4 Nf2+ 43. Kh2 Ne4 44. Rxg6+ fxg6 45. Qxg6+ Kh8 46. Qh6+ Kg8 47. Qg6+ Kh8 48. Qh6+ Kg8 49. Qg6+ 1/2-1/2

[Event "45th Olympiad 2024"]
[Site "Budapest HUN"]
[Date "2024.09.22"]
[Round "11.40"]
[Board "2"]
[White "Ahn, Hongjin"]
[Black "Hossain, Enamul"]
[Result "0-1"]
[WhiteElo "2251"]
[BlackElo "2354"]
[PlyCount "110"]
[EventDate "2024.09.11"]
[WhiteTeam "South Korea"]
[BlackTeam "Bangladesh"]
[BlackTeamCountry "BAN"]

1. e4 c5 2. Nc3 a6 3. g3 b5 4. Bg2 Bb7 5. Nge2 Nc6 ({RR} 5... b4 6. Na4 e6 7. d4 Nf6 8. d5 exd5 9. exd5 d6 10. O-O Be7 11. a3 a5 12. c4 O-O 13. b3 Nbd7 14. Bb2 Ne8 15. Bh3 Bc8 16. Nf4 Bf6 17. Qe2 Bxb2 18. Nxb2 Ne5 19. Bxc8 Qxc8 20. Nbd3 {0-1 Jones,G (2670)-Gharamian,T (2651) Titled Tuesday intern op 24th Febr blitz 2015 (5)}) 6. O-O Nd4 $146 ({RR} 6... g6 7. d3 Bg7 8. Rb1 e6 9. Be3 d6 10. d4 cxd4 11. Nxd4 Nf6 12. a3 Rc8 13. Re1 O-O 14. Ndxb5 axb5 15. Nxb5 Ne8 16. f4 Qa5 17. Nxd6 Nxd6 18. Qxd6 Rfd8 19. Qc5 Qxc5 20. Bxc5 Nd4 21. b4 {0-1 Feit,J (1677)-Le Hetet,N (2080) Ambes op 1st 2007 (1)}) ({RR} 6... e6 7. d4 cxd4 8. Nxd4 Nxd4 9. Qxd4 Ne7 10. Be3 Nc6 11. Qd2 Be7 12. Rad1 Ne5 13. b3 d6 14. h3 O-O 15. f4 Nc6 16. a4 b4 17. Ne2 Rc8 18. c4 bxc3 19. Nxc3 Qa5 20. Na2 Qxd2 21. Rxd2 {1-0 Jakubowska,A (2139)-Titarov,V (2181) Titled Tue 20th Feb Early 2024 (9)}) ({RR} 6... e6 7. d4 cxd4 8. Nxd4 Nge7 9. Nb3 Ng6 10. a4 b4 11. Nb1 a5 12. Be3 Ba6 13. Re1 Nge5 14. Nc5 Nc4 15. Nxa6 Nxe3 16. Rxe3 Rxa6 17. Nd2 Bc5 18. Re1 O-O 19. Qe2 Ra7 20. e5 Bd4 21. Rad1 {½-½ Pilvaieh,A (2075)-Firouzja,A (2291) IRI-ch Mashhad 2015 (1)}) ({RR} 6... e6 7. d3 d6 8. f4 Be7 9. f5 exf5 10. Rxf5 Nf6 11. Be3 Qc7 12. h3 Rd8 13. Bg5 Ne5 14. Nf4 Ned7 15. Nfd5 Bxd5 16. Nxd5 Nxd5 17. exd5 Bxg5 18. Rxg5 O-O 19. Be4 Nf6 20. Qf3 Nxe4 21. dxe4 {0-1 Martin Andres,C (1707)-Fernandez Estremera,F (1830) Colmenarejo Autumn op 25th 2018 (5)}) 7. Nxd4 cxd4 8. Ne2 e5 9. f4 d6 10. d3 Nf6 11. h3 h5 12. Kh1 Be7 13. Ng1 Qc7 14. Nf3 h4 15. fxe5 Nh5 16. Bf4 dxe5 17. Bxe5 Bd6 18. g4 Bxe5 19. gxh5 Rxh5 20. Nxd4 g6 21. c3 Rd8 22. Nc2 Rg5 23. Qe2 Qe7 24. Ne1 Bb8 25. Nf3 Rg3 26. Rf2 Bc8 27. e5 Bxh3 28. Bxh3 Rxh3+ 29. Rh2 Qe6 30. d4 Qg4 31. Rxh3 Qxh3+ 32. Nh2 Bc7 33. Rf1 Qe6 34. a3 f5 35. Nf3 Qc6 36. Qg2 Kd7 37. Re1 Rh8 38. e6+ Kc8 39. Ng5 Qxg2+ 40. Kxg2 Re8 41. Kf3 Kd8 42. d5 Ke7 43. b3 Bg3 44. Re3 Kf6 45. Nh7+ Kg7 46. c4 Bd6 47. Ng5 Bc5 48. cxb5 axb5 49. Rc3 Bxa3 50. Rc7+ Kf6 51. Nh7+ Ke5 52. Rb7 Re7 53. d6 Rxb7 54. d7 Rb8 55. Ng5 Be7 0-1

[Event "45th Olympiad 2024"]
[Site "Budapest HUN"]
[Date "2024.09.22"]
[Round "11.40"]
[Board "3"]
[White "Murshed, Niaz"]
[Black "Yun, Hungi"]
[Result "1/2-1/2"]
[WhiteElo "2318"]
[BlackElo "2124"]
[PlyCount "121"]
[EventDate "2024.09.11"]
[WhiteTeam "Bangladesh"]
[BlackTeam "South Korea"]
[WhiteTeamCountry "BAN"]

1. d4 Nf6 2. c4 e6 3. Nf3 d5 4. Nc3 Bb4 5. Bg5 h6 6. Bxf6 Qxf6 7. e3 O-O 8. Rc1 dxc4 9. Bxc4 c5 10. O-O cxd4 11. Ne4 Qf5 12. Ng3 ({RR} 12. Bd3 Qa5 13. Nxd4 Rd8 14. Qg4 Nd7 15. a3 Bf8 16. Qg3 Be7 17. Rc2 Nf6 18. Qf3 Qb6 19. Nd2 e5 20. Nf5 Bf8 21. Bc4 g6 22. Nh4 Kg7 23. Qg3 e4 24. Bxf7 g5 25. f4 Ng4 26. Rxc8 Nxe3 {½-½ Nesterov,A (2602)-Gan-Erdene,S (2407) 57th Biel Master Open 2024 (9.3)}) 12... Qa5 13. Nxd4 ({RR} 13. exd4 Nc6 14. Qe2 Bd7 15. a3 Bd6 16. Ne4 Bf4 17. Rc3 Rad8 18. Rd1 b5 19. Bd3 b4 20. Rc5 Qb6 21. g3 Bb8 22. Qe3 f5 23. Rb5 f4 24. Qc1 Qc7 25. Rc5 fxg3 26. Ne5 gxf2+ 27. Nxf2 Qd6 {½-½ Aronian,L (2815)-Carlsen,M (2881) Wch Rapid Dubai 2014 (11)}) 13... Rd8 14. Qg4 Bd7 $146 ({RR} 14... Nc6 15. Nxc6 bxc6 16. Rfd1 Bb7 17. h4 Bf8 18. h5 Qe5 19. Qe4 Bd6 20. Qxe5 Bxe5 21. Ne4 Bc7 22. Nc5 Bc8 23. Rxd8+ Bxd8 24. Be2 Be7 25. Bf3 Rb8 26. Na4 Bd7 27. b3 Rc8 28. Nc5 Be8 29. Kf1 {0-1 Ujjawal Bansal (1574)-Mayank,C (2179) 59th ch-IND 2022-23 (5.38)}) 15. a3 Bf8 16. Ne4 Kh8 17. Qf3 Nc6 18. Nb3 Qb6 19. Qg3 Be8 20. Nc3 Bd6 21. Na4 Bxg3 22. Nxb6 Bxf2+ 23. Kxf2 axb6 24. Be2 Kg8 25. Rc2 Kf8 26. Rfc1 Ne5 27. Nd4 Bc6 28. Rc3 Ke7 29. Rb3 Be4 30. Rxb6 Rac8 31. Rxc8 Rxc8 32. Bf3 Nd7 33. Rb5 Bxf3 34. gxf3 b6 35. a4 g6 36. f4 Rc1 37. h4 Rh1 38. Nf3 Kd6 39. Rb3 Ra1 40. Rb4 Ra2 41. Kg3 Ra1 42. Rd4+ Ke7 43. Rb4 Kd6 44. Nd4 Re1 45. Kf2 Rh1 46. Nf3 Ra1 47. Ke2 Ra2 48. Nd2 Ra1 49. Ne4+ Ke7 50. Nf2 Ra2 51. Nd3 Kd6 52. Kd2 Ra1 53. Nc1 Kc6 54. Rc4+ Kd6 55. Kc2 b5 56. axb5 Ra5 57. Rb4 Nb6 58. e4 Ra1 59. Rd4+ Ke7 60. b3 Ra5 61. Rb4 1/2-1/2

[Event "45th Olympiad 2024"]
[Site "Budapest HUN"]
[Date "2024.09.22"]
[Round "11.40"]
[Board "4"]
[White "Huh, Isaak"]
[Black "Zia, Tahsin Tajwar"]
[Result "0-1"]
[WhiteElo "2114"]
[BlackElo "2255"]
[PlyCount "60"]
[EventDate "2024.09.11"]
[WhiteTeam "South Korea"]
[BlackTeam "Bangladesh"]
[BlackTeamCountry "BAN"]

1. e4 {Let's Check} c6 2. d4 d5 3. exd5 cxd5 4. c4 Nf6 5. Nc3 Nc6 6. Bg5 Be6 7. Be2 Qa5 8. c5 Ne4 9. Bd2 Nxd2 10. Qxd2 g6 11. Bb5 Bg7 12. h3 O-O 13. Nf3 Qc7 14. O-O f6 15. Rab1 Rad8 $146 ({RR} 15... a6 16. Bxc6 bxc6 17. b4 Bf5 18. Rb3 e5 19. a4 Be4 20. Ne2 Rab8 21. Ne1 Bf5 22. Nc2 Bxc2 23. Qxc2 f5 24. dxe5 Qxe5 25. Rd1 Rfe8 26. Re3 Qb2 27. Qxb2 Bxb2 28. Rxe8+ Rxe8 29. Kf1 Rb8 30. Nd4 {1-0 Robson,R (2614)-Akobian,V (2625) USA-ch Saint Louis 2012 (9)}) 16. b4 Kh8 17. Bxc6 bxc6 18. b5 Bf5 19. b6 Qb7 20. Rb3 e5 21. Re1 Rde8 22. Qb2 Bc8 23. Na4 e4 24. Nd2 f5 25. Ra3 f4 26. Nb3 f3 27. Na5 Qe7 28. Qd2 Qh4 29. Nxc6 Bxh3 30. gxh3 Bh6 0-1

[Event "45th Olympiad 2024"]
[Site "Budapest HUN"]
[Date "2024.09.22"]
[Round "11.41"]
[Board "1"]
[White "Eltigani, Omar"]
[Black "Ashiku, Franc"]
[Result "0-1"]
[WhiteElo "2241"]
[BlackElo "2400"]
[PlyCount "66"]
[EventDate "2024.09.11"]
[WhiteTeam "Sudan"]
[BlackTeam "Albania"]
[WhiteTeamCountry "SUD"]
[BlackTeamCountry "ALB"]

1. c4 {Dautov,Rustem} e6 2. Nc3 d5 3. d4 Nf6 4. Nf3 Nbd7 5. e3 a6 6. Qc2 ({RR} 6. Be2 dxc4 7. a4 ({RR} 7. Bxc4 b5 8. Bd3 c5) 7... b6 8. e4 ({RR} 8. Bxc4 Bb7 9. O-O Bd6) 8... Bb7 9. e5 Nd5 10. Bxc4 Be7 11. h4 ({RR} 11. Nxd5 exd5 ({RR} 11... Bxd5 12. Bxd5 exd5 13. O-O O-O 14. Qb3 c6 15. Be3) 12. Bd3 c5 13. O-O O-O) 11... c5 12. Ng5 Nxc3 13. bxc3 cxd4 14. cxd4 ({RR} 14. Qxd4 Qc7 15. Bf4 Bc5 16. Qd2 Nxe5) 14... Qc7 15. Qd3 ({RR} 15. Be2 Qc3+ 16. Bd2 Qxd4) ({RR} 15. Qe2 Rc8) ({RR} 15. Bxe6 fxe6 16. Nxe6 Qc6 17. Nxg7+ Kf8 18. Nf5 Bb4+ 19. Bd2 Qe4+ 20. Ne3 Qxd4) 15... Nxe5 16. dxe5 Qxe5+ 17. Qe3 Qxa1 18. Nxf7 O-O 19. Bxe6 Bc5 20. Ne5+ Kh8 {0-1 Zvjaginsev,V (2671)-Aleksandrov,A (2633) Moscow Aeroflot op-A 2003 (7)}) ({RR} 6. b3) 6... dxc4 7. a4 b6 8. Bxc4 c5 $146 ({RR} 8... Bb7 9. e4 c5 10. d5 exd5 11. exd5 Bd6 12. O-O O-O 13. Bg5 Re8 14. Rfe1 h6 15. Bh4 Rxe1+ 16. Rxe1 Qf8 17. Qd3 g6 18. Ne4 Nxe4 19. Qxe4 Qg7 20. b3 Nf6 21. Qd3 Rd8 22. Bg3 Bxg3 23. hxg3 {½-½ Ni,V (2163)-Vega Gutierrez,S (2374) Olympiad Women 2024 (5.9)}) ({RR} 8... Bb7 9. O-O Bb4 10. Rd1 O-O 11. Bd3 Qe7 12. e4 e5 13. d5 Nc5 14. Bg5 Nxd3 15. Qxd3 h6 16. Be3 Nd7 17. Nd2 Bd6 18. Nc4 Kh7 19. f4 g6 20. Rf1 exf4 21. Nxd6 cxd6 22. Rxf4 Ne5 23. Qe2 {1-0 Skrbec,L (2218)-Lavrencic,M (2299) 28th HIT Open 2024 (9.11)}) 9. d5 e5 10. d6 Bxd6 11. Ng5 O-O 12. Nce4 Qe7 13. Nxf7 Rxf7 14. Ng5 Nf8 15. Nxf7 Be6 16. Ng5 Kh8 17. Nxe6 Nxe6 18. Qb3 Ng5 19. h4 Nge4 20. Bd5 Rf8 21. Bxe4 Nxe4 22. f3 c4 23. Qxc4 Bb4+ 24. Kf1 Ng3+ 25. Kg1 Nxh1 26. Kxh1 e4 27. f4 Qxh4+ 28. Kg1 Rd8 29. Qe2 Be1 30. g4 Qg3+ 31. Kf1 Bf2 32. Qxf2 Rd1+ 33. Ke2 Qxg4+ 0-1

[Event "45th Olympiad 2024"]
[Site "Budapest HUN"]
[Date "2024.09.22"]
[Round "11.41"]
[Board "2"]
[White "Pasko, Llambi"]
[Black "Ahmed Hassan"]
[Result "1-0"]
[WhiteElo "2396"]
[BlackElo "2234"]
[PlyCount "93"]
[EventDate "2024.09.11"]
[WhiteTeam "Albania"]
[BlackTeam "Sudan"]
[WhiteTeamCountry "ALB"]
[BlackTeamCountry "SUD"]

1. d4 c5 2. d5 g6 3. e4 Bg7 4. c4 d6 5. Nf3 e6 6. Be2 exd5 7. cxd5 a6 8. a4 Bg4 9. O-O Bxf3 10. Bxf3 Nd7 $146 ({RR} 10... Ne7 11. Nc3 O-O 12. Bf4 f6 13. h4 Qc7 14. Qd2 Nd7 15. Be2 Ne5 16. Bg3 Rad8 17. Rad1 Qd7 18. f3 Rb8 19. a5 Qd8 20. Na4 Nc8 21. f4 Bh6 22. Qc3 Nd7 23. e5 fxe5 24. fxe5 Bg7 25. Rxf8+ {1-0 Iasman,I (2019)-Candano Gonzalez,A (1717) Gibraltar Masters 11th 2013 (5)}) ({RR} 10... Nf6 11. a5 b5 12. axb6 Qxb6 13. Nd2 Nfd7 14. Nc4 Qc7 15. Bf4 Ne5 16. Bxe5 Bxe5 17. Nxe5 dxe5 18. Qa4+ Nd7 19. Bg4 Ke7 20. d6+ Qxd6 21. Rfd1 Nb6 22. Rxd6 Nxa4 23. Rd7+ Ke8 24. Rb7 {1-0 Nachbar,B (2031)-Boelling,A (1875) Ruhrgebiet VL2 0001 2000 (9)}) 11. Be2 Ne7 12. Nd2 O-O 13. a5 f5 14. Ra3 Nf6 15. exf5 Nxf5 16. Nf3 h6 17. Bd3 Kh7 18. Re1 Qd7 19. h4 Nxd5 20. h5 Nb4 21. hxg6+ Kg8 22. Ne5 Qe6 23. Nc6 Qf6 24. Nxb4 cxb4 25. Bc4+ Kh8 26. Rf3 Qxg6 27. Bd3 Qh5 28. Bxf5 Rxf5 29. Rxf5 Qxf5 30. Qxd6 Rf8 31. Be3 b3 32. Bd4 Kh7 33. Re7 Rf7 34. Qc7 Kg8 35. Rxf7 Qxf7 36. Qxf7+ Kxf7 37. Bxg7 Kxg7 38. f4 Kg6 39. Kf2 h5 40. Kf3 Kf6 41. g4 hxg4+ 42. Kxg4 Kg6 43. f5+ Kf6 44. Kf4 Kf7 45. Ke5 Ke7 46. f6+ Kf7 47. Kf5 1-0

[Event "45th Olympiad 2024"]
[Site "Budapest HUN"]
[Date "2024.09.22"]
[Round "11.41"]
[Board "3"]
[White "Nader Obeid"]
[Black "Mehmeti, Dritan"]
[Result "0-1"]
[WhiteElo "2083"]
[BlackElo "2364"]
[PlyCount "88"]
[EventDate "2024.09.11"]
[WhiteTeam "Sudan"]
[BlackTeam "Albania"]
[WhiteTeamCountry "SUD"]
[BlackTeamCountry "ALB"]

1. d4 c5 2. d5 Nf6 3. Nc3 g6 4. e4 d6 5. Nf3 Bg7 6. Be2 O-O 7. O-O a6 8. a4 Bg4 9. h3 Bxf3 10. Bxf3 Nbd7 11. Bf4 Ne8 12. Qd2 Nc7 13. Be2 b6 $146 ({RR} 13... Rb8 14. a5 b5 15. axb6 Rxb6 16. Ra2 Nb5 17. Na4 Rb7 18. Raa1 Qc7 19. Bh6 Ra8 20. Bxg7 Kxg7 21. Nc3 Nd4 22. Bxa6 Ne5 23. Qd1 Rxa6 24. Rxa6 Rxb2 25. Ra2 Qb8 {½-½ Demin,V (2358)-Beklarian,L (2232) RUS-ch U18 Nojabrsk 2005 (6)}) 14. Bh6 Rb8 15. Bxg7 Kxg7 16. Nd1 b5 17. axb5 axb5 18. Ra3 Ra8 19. Re3 f6 20. h4 Ra1 21. h5 g5 22. h6+ Kh8 23. Rh3 Ne5 24. Ne3 Rxf1+ 25. Bxf1 Qd7 26. Nf5 b4 27. c3 Rb8 28. f4 gxf4 29. Qxf4 bxc3 30. Rxc3 Rxb2 31. Ra3 Rb8 32. Ra7 c4 33. Qd2 Rc8 34. Nd4 Qg4 35. Qc2 Nxd5 36. Be2 Qh4 37. Nf5 Qe1+ 38. Kh2 Nf4 39. Nxe7 Qh4+ 40. Kg1 Qe1+ 41. Kh2 Nxe2 42. Qxe2 Qxe2 43. Nxc8 Qh5+ 44. Kg1 Qxh6 0-1

[Event "45th Olympiad 2024"]
[Site "Budapest HUN"]
[Date "2024.09.22"]
[Round "11.41"]
[Board "4"]
[White "Veleshnja, Zino"]
[Black "Eltag, Siddig"]
[Result "1/2-1/2"]
[WhiteElo "2294"]
[BlackElo "2138"]
[PlyCount "137"]
[EventDate "2024.09.11"]
[WhiteTeam "Albania"]
[BlackTeam "Sudan"]
[WhiteTeamCountry "ALB"]
[BlackTeamCountry "SUD"]

1. d4 Nf6 2. c4 e6 3. g3 d5 4. Bg2 Be7 5. Nf3 Nbd7 6. O-O c6 7. Qc2 O-O 8. Nbd2 b6 9. e4 dxe4 10. Nxe4 Bb7 11. Rd1 Rc8 12. Bf4 Nxe4 13. Qxe4 Nf6 14. Qe2 Bd6 15. Ne5 Qe7 16. Bg5 h6 17. Bxf6 gxf6 18. Ng4 f5 19. Ne5 $146 ({RR} 19. Ne3 Rfd8 20. d5 Bc5 21. dxe6 fxe6 22. Nc2 a5 23. Qe5 Kf7 24. Nd4 Qf6 25. Nf3 Qxe5 26. Nxe5+ Ke7 27. Rxd8 Rxd8 28. Bxc6 Bd4 29. Ng6+ Kf6 30. Bxb7 Kxg6 31. Re1 Kf6 32. Re2 Bc5 33. b3 Bb4 {½-½ Drakoulakos,G (2276)-Mihailidis,A (2265) GRE-chT 46th 2018 (7.10)}) 19... c5 20. Bxb7 Qxb7 21. dxc5 Bxe5 22. Qxe5 Rxc5 23. Qf4 Kg7 24. b4 Rc7 25. Qe5+ Kg6 26. Rd4 Rfc8 27. Qe2 Rd7 28. Rh4 Rh8 29. Re1 Qc7 30. g4 Qf4 31. gxf5+ Qxf5 32. Qg4+ Qxg4+ 33. Rxg4+ Kf5 34. h3 Rhd8 35. Ree4 e5 36. Re3 Rd4 37. Kg2 h5 38. Rf3+ Rf4 39. Rg7 Kf6 40. Rgg3 Rd2 41. Rxf4+ exf4 42. Ra3 Rd7 43. c5 bxc5 44. bxc5 Rc7 45. Rc3 Ke5 46. Kf3 Rc6 47. h4 a5 48. Rc4 f6 49. Re4+ Kd5 50. Rxf4 Kxc5 51. Rf5+ Kb4 52. Rxh5 a4 53. Rd5 Rc2 54. h5 Rxa2 55. h6 Rc2 56. Rd8 Rc7 57. Kg4 a3 58. Ra8 Kb3 59. f4 a2 60. Kf5 Rc1 61. Rb8+ Kc3 62. Rc8+ Kd2 63. Rxc1 Kxc1 64. h7 a1=Q 65. h8=Q Qb1+ 66. Kg4 Qg6+ 67. Kf3 Qd3+ 68. Kf2 Qd2+ 69. Kf3 1/2-1/2

[Event "45th Olympiad 2024"]
[Site "Budapest HUN"]
[Date "2024.09.22"]
[Round "11.42"]
[Board "1"]
[White "Rakotomaharo, Fy Antenaina"]
[Black "Greet, Andrew N"]
[Result "1-0"]
[WhiteElo "2440"]
[BlackElo "2405"]
[PlyCount "111"]
[EventDate "2024.09.11"]
[WhiteTeam "Madagascar"]
[BlackTeam "Scotland"]
[WhiteTeamCountry "MAD"]
[BlackTeamCountry "SCO"]

1. e4 c6 2. d4 d5 3. e5 Bf5 4. h4 h5 5. c4 e6 6. Nc3 Bb4 7. cxd5 ({RR} 7. a3 Bxc3+ 8. bxc3 Ne7 9. a4 c5 10. Nf3 Nbc6 11. dxc5 Qa5 12. Qb3 O-O 13. cxd5 Nxd5 14. Bd2 Qxc5 15. Qb5 Qe7 16. Bd3 Bg4 17. Ng5 a6 18. Qb1 Nxe5 19. c4 Nxd3+ 20. Qxd3 Nf6 21. O-O Rfd8 {0-1 Carlsson,P (2457)-Riazantsev,A (2634) Wch Rapid Warsaw 2021 (2)}) 7... cxd5 8. Bd3 Ne7 9. Nge2 $146 ({RR} 9. Bg5 Qa5 10. Nge2 Nbc6 11. O-O Bxd3 12. Qxd3 Nf5 13. a3 Be7 14. b4 Qd8 15. Bxe7 Ncxe7 16. g3 Qd7 17. Rac1 Rc8 18. Nb1 O-O 19. Nd2 Qa4 20. Nf3 Rc4 21. Nd2 Rxc1 22. Rxc1 Rc8 23. Nf3 g6 {0-1 Nasuta,G (2531)-Pultinevicius,P (2552) POL-chT Ekstraliga 2021 (5.4)}) ({RR} 9. Bg5 Qb6 10. Bxe7 Bxc3+ 11. bxc3 Bxd3 12. Qxd3 Kxe7 13. Rb1 Qc7 14. Ne2 Nc6 15. Rh3 Na5 16. Rg3 Rag8 17. Qf3 b6 18. Nf4 Qc4 19. Nxh5 Qxa2 20. Rd1 Qc2 21. Rxg7 Qe4+ 22. Qxe4 dxe4 23. Rxg8 Rxg8 {1-0 Kadric,D (2558)-Ljubarov,M (2353) Titled Tue 28th May Late 2024 (3)}) ({RR} 9. Bg5 Bxc3+ 10. bxc3 Qa5 11. Ne2 Nbc6 12. O-O Bxd3 13. Qxd3 O-O-O 14. Qf3 Rdf8 15. Nf4 Nf5 16. Nxh5 Qa3 17. Nf4 f6 18. exf6 gxf6 19. Nxe6 fxg5 20. Nxf8 Rxf8 21. hxg5 Qe7 22. Qg4 Kb8 23. Rfe1 Qg7 {0-1 Remizov,Y (2437)-Rozum,I (2531) TCh-RUS Blitz 2023 (12.25)}) 9... Nbc6 10. a3 Bxc3+ 11. bxc3 Bxd3 12. Qxd3 Nf5 13. Rb1 b6 14. g3 f6 15. Nf4 Kf7 16. exf6 Qxf6 17. O-O Nd6 18. Re1 Rae8 19. Rb2 Qf5 20. Qxf5+ Nxf5 21. Rbe2 Ncxd4 22. cxd4 Nxd4 23. Bb2 Nxe2+ 24. Rxe2 Re7 25. Be5 a5 26. Rc2 d4 27. Rc6 Rd8 28. Kf1 d3 29. Ke1 d2+ 30. Kd1 b5 31. Rb6 b4 32. axb4 axb4 33. Rxb4 Red7 34. Bc3 Ra8 35. Nxh5 Ra3 36. Bb2 Ra5 37. Nf4 g5 38. hxg5 Rxg5 39. Bc3 e5 40. Rb5 Kf6 41. Nd5+ Kg6 42. Ne3 e4 43. Rb6+ Kf7 44. Rb4 Rc5 45. Bxd2 Re5 46. Ke2 Re6 47. Bc3 Ra7 48. Bb2 Rc7 49. Nd5 Rd7 50. Nf4 Rc6 51. Ke3 Rc2 52. Bd4 Ra2 53. Kxe4 Rxd4+ 54. Rxd4 Rxf2 55. g4 Ra2 56. Kf5 1-0

[Event "45th Olympiad 2024"]
[Site "Budapest HUN"]
[Date "2024.09.22"]
[Round "11.42"]
[Board "2"]
[White "Olson, Hamish"]
[Black "Razanadrakotoarisoa, Toavina"]
[Result "1-0"]
[WhiteElo "2384"]
[BlackElo "2147"]
[PlyCount "93"]
[EventDate "2024.09.11"]
[WhiteTeam "Scotland"]
[BlackTeam "Madagascar"]
[WhiteTeamCountry "SCO"]
[BlackTeamCountry "MAD"]

1. d4 Nf6 2. Nf3 e6 3. c4 d5 4. cxd5 exd5 5. Nc3 c6 6. Bg5 Be7 7. e3 O-O 8. Bd3 Nbd7 9. Qc2 Re8 10. O-O Nf8 11. h3 g6 12. Bh6 Ne6 13. Ne5 Ng7 14. g4 Nd7 15. f4 Nxe5 16. fxe5 Bg5 17. Bxg5 Qxg5 18. Qf2 Be6 19. Qf4 ({RR} 19. Kh2 h5 20. gxh5 Qxh5 21. Qg3 Qh6 22. Rf3 Re7 23. Rg1 Kh7 24. Ne2 Rh8 25. Nf4 Bf5 26. Bxf5 Nxf5 27. Qg4 Qh4 28. Qg2 Nxe3 29. Qd2 Nf5 30. Rg4 Qh6 31. Qd3 Nh4 32. Rfg3 Nf5 33. Rg2 Nh4 {1-0 Sarana,A (2712)-Duda,J (2733) Titled Tue 18th Jun Late 2024 (7)}) ({RR} 19. Kh2 h5 20. gxh5 Qxh5 21. Qg3 Bf5 22. Be2 Qh6 23. Rf4 g5 24. Rf2 Qh4 25. Rg1 Bg6 26. Qxh4 gxh4 27. Rf4 Kf8 28. Rxg6 Ne6 29. Rff6 Ke7 30. Rh6 Rg8 31. Bg4 Ng5 32. Rxh4 Rg7 33. Ne2 Rag8 {1-0 Sarana,A (2717)-Zakhartsov,V (2494) Titled Tue 13th Aug Early 2024 (9)}) 19... Qh4 20. Kg2 Qe7 $146 ({RR} 20... h5 21. Qg3 Qg5 22. Rf4 Bd7 23. h4 Qe7 24. g5 Bf5 25. Bxf5 Nxf5 26. Rxf5 gxf5 27. Rf1 Qd7 28. Rf4 c5 29. Qf3 Rad8 30. Rxf5 cxd4 31. exd4 b5 32. Ne2 Rc8 33. Ng3 Rc2+ 34. Kh3 Rec8 35. Nxh5 {1-0 Kouzari,M (2463)-Klotz Burwell,H (2140) Titled Tuesday intern op 4th Oct blitz 2016 (2)}) 21. Rf2 b5 22. Raf1 a5 23. Qh6 Rf8 24. Ne2 c5 25. Ng1 Bd7 26. Nf3 Ne6 27. h4 f6 28. exf6 Rxf6 29. Ne5 Rxf2+ 30. Rxf2 Rf8 31. Rxf8+ Nxf8 32. Qf4 Be8 33. dxc5 Ne6 34. Qf3 Qxc5 35. Qf6 Ng7 36. Qf2 Qe7 37. Nf3 Ne6 38. g5 Nc5 39. Bc2 Ne4 40. Bxe4 dxe4 41. Nd4 b4 42. Qf4 Bf7 43. b3 Qb7 44. Kg3 Qd5 45. Qc7 Qa8 46. Qe5 Qa6 47. h5 1-0

[Event "45th Olympiad 2024"]
[Site "Budapest HUN"]
[Date "2024.09.22"]
[Round "11.42"]
[Board "3"]
[White "Andrianiaina, Heritiana"]
[Black "Waldhausen Gordon, Frederick"]
[Result "1/2-1/2"]
[WhiteElo "2149"]
[BlackElo "2351"]
[PlyCount "113"]
[EventDate "2024.09.11"]
[WhiteTeam "Madagascar"]
[BlackTeam "Scotland"]
[WhiteTeamCountry "MAD"]
[BlackTeamCountry "SCO"]

1. d4 Nf6 2. c4 e6 3. Nf3 b6 4. a3 Bb7 5. Nc3 d5 6. cxd5 Nxd5 7. Qc2 Nd7 8. Nxd5 exd5 9. Bf4 ({RR} 9. Bg5 f6 10. Bf4 c5 11. dxc5 Nxc5 12. e3 Rc8 13. Bb5+ Kf7 14. O-O g6 15. Rfc1 a6 16. Bf1 Qd7 17. h4 Be7 18. Nd4 Ne6 19. Qd2 h5 20. Re1 Rhe8 21. g3 Nc5 22. Rac1 Ne4 23. Qe2 Bc5 {½-½ StoofvleesII d2 (3479)-Berserk13 (3540) TCEC 26 Premier 2024 (19.4)}) 9... c5 10. dxc5 $146 ({RR} 10. e3 Be7 11. h4 Rc8 12. Qa4 a6 13. g3 b5 14. Qd1 Qa5+ 15. Ke2 b4 16. Bh3 Qb5+ 17. Ke1 a5 18. dxc5 bxa3 19. bxa3 Qxc5 20. Kf1 d4 21. Kg2 f5 22. Re1 Qd5 23. e4 fxe4 24. Nxd4 Bf6 {1-0 Theodorou,N (2616)-Antipov,M (2598) St Louis Summer A 2024 (3.4)}) 10... Bxc5 11. e3 Rc8 12. Qf5 O-O 13. Bb5 Nf6 14. O-O h6 15. Rfd1 Bd6 16. Bxd6 Qxd6 17. Qd3 Qc7 18. h3 Ne4 19. Qf1 Qe7 20. Rac1 Qf6 21. Nd4 Rc5 22. b4 Rcc8 23. Qe1 Rfd8 24. Bd3 Nd6 25. Qe2 g6 26. Qf3 Qe5 27. g3 Kg7 28. Qf4 Qxf4 29. gxf4 Nc4 30. Be2 Nb2 31. Re1 h5 32. h4 Kf6 33. Kh2 a6 34. Kg3 Nc4 35. a4 Nd2 36. Bd3 Rxc1 37. Rxc1 Rc8 38. Rxc8 Bxc8 39. f3 a5 40. bxa5 bxa5 41. Nc6 Nb3 42. e4 Be6 43. Bc2 dxe4 44. Bxb3 Bxb3 45. fxe4 Bxa4 46. Nxa5 Ke6 47. Kf3 f6 48. Nc4 Bb5 49. Nd2 Bc6 50. Ke3 Kd6 51. Kd4 Bb7 52. Nc4+ Ke6 53. Ne3 Bc6 54. f5+ gxf5 55. Nxf5 Kf7 56. e5 fxe5+ 57. Kxe5 1/2-1/2

[Event "45th Olympiad 2024"]
[Site "Budapest HUN"]
[Date "2024.09.22"]
[Round "11.42"]
[Board "4"]
[White "Gourlay, Iain"]
[Black "Andriamasoandro, Miora"]
[Result "1-0"]
[WhiteElo "2296"]
[BlackElo "2116"]
[PlyCount "79"]
[EventDate "2024.09.11"]
[WhiteTeam "Scotland"]
[BlackTeam "Madagascar"]
[WhiteTeamCountry "SCO"]
[BlackTeamCountry "MAD"]

1. Nf3 d5 2. g3 Nc6 3. d4 Bf5 4. Bg2 e6 5. O-O h5 6. c4 h4 7. Nc3 hxg3 $146 ({RR} 7... h3 8. Bh1 Nf6 9. Ne5 Bd6 10. Bf4 Ne7 11. cxd5 exd5 12. Qb3 Bxe5 13. dxe5 Ne4 14. Nxe4 Bxe4 15. Bxe4 dxe4 16. Qxb7 Qd5 17. Qxd5 Nxd5 18. Rfd1 Nxf4 19. gxf4 Rh4 20. e3 Rg4+ 21. Kf1 Rg2 22. Ke2 {1-0 Kostiukov,A (2271)-Ladan,N (2168) Titled Tue 23rd Jan Late 2024 (7)}) 8. hxg3 Nf6 9. Bg5 Be7 10. Bxf6 Bxf6 11. cxd5 exd5 12. Qb3 Ne7 13. Ne5 c6 14. e4 Be6 15. exd5 cxd5 16. Qb5+ Kf8 17. Qxb7 g6 18. Rfe1 Rb8 19. Qxa7 Ra8 20. Qc5 Rc8 21. Qb5 Rb8 22. Qe2 Qb6 23. Qd3 Kg7 24. b3 Qd8 25. Na4 Qg8 26. Nc5 Bf5 27. Qe2 Qh7 28. g4 Qh2+ 29. Kf1 Rh7 30. gxf5 Nxf5 31. Ng4 Qf4 32. Qf3 Qg5 33. Nxf6 Rh4 34. Nxd5 Rbh8 35. Ne4 Qh6 36. Ng3 Rh2 37. Nxf5+ gxf5 38. Qg3+ Kf8 39. Re8+ Kxe8 40. Qb8+ 1-0